Долина павших: роман : пер. с исп.

Dades bibliogràfiques
Autor principal: Рохас К. Карлос
Idioma:rus
Publicat: Москва, Радуга, 1983
Matèries:
Format: Llibre
KOHA link:https://koha.lib.tpu.ru/cgi-bin/koha/opac-detail.pl?biblionumber=81434

MARC

LEADER 00000nam0a2200000 4500
001 81434
005 20231031095141.0
020 |a RU  |b 83-71314 
035 |a (RuTPU)RU\TPU\book\87534 
090 |a 81434 
100 |a 20050920d1983 m y0rusy5003 ca 
101 1 |a rus  |c spa 
102 |a RU 
105 |a a z 000ay 
200 1 |a Долина павших  |e роман : пер. с исп.  |f К. Рохас 
210 |a Москва  |c Радуга  |d 1983 
215 |a 375 с.  |c ил. 
610 1 |a испанская литература 
610 1 |a проза 
610 1 |a романы 
675 |a 86  |z rus 
700 1 |a Рохас  |b К.  |g Карлос 
801 0 |a RU  |b RuMRKP  |c 19950704  |g psbo 
801 1 |a RU  |b 63413507  |c 20050920  |g PSBO 
801 2 |a RU  |b 63413507  |c 20131021  |g PSBO 
942 |c BK